Study on socio economic and demographic correlates of medical care utilization and health behaviour (Record no. 21826)

MARC details
000 -LEADER
fixed length control field 00490nam a2200145Ia 4500
082 ## - DEWEY DECIMAL CLASSIFICATION NUMBER
Classification number RS.0052
100 ## - MAIN ENTRY--AUTHOR NAME
Personal name Sundarrao, P.S.S.
245 #0 - TITLE STATEMENT
Title Study on socio economic and demographic correlates of medical care utilization and health behaviour
260 ## - PUBLICATION, DISTRIBUTION, ETC. (IMPRINT)
Year of publication 1981
Name of publisher ICSSR, New Delhi
300 ## - PHYSICAL DESCRIPTION
Number of Pages 126p.
650 ## - SUBJECT ADDED ENTRY--TOPICAL TERM
Topical Term MEDICAL CARE - TAMIL NADU
650 ## - SUBJECT ADDED ENTRY--TOPICAL TERM
Topical Term HEALTH FACILITIES, RURAL - TAMIL NADU
710 ## - ADDED ENTRY--CORPORATE NAME
Corporate name or jurisdiction name as entry element Christian Medical College, Vellore, Department of Biostatistics
942 ## - ADDED ENTRY ELEMENTS (KOHA)
Koha item type Research Reports
Source of classification or shelving scheme Dewey Decimal Classification
Holdings
Withdrawn status Lost status Damaged status Not for loan Collection code Home library Current library Date acquired Full call number Accession Number Price effective from Koha item type
      Not For Loan Minor Research project Reports NASSDOC Library NASSDOC Library 08/10/2004 RS.0052 14321 18/04/2019 Research Reports